| 000 | 00683nam a22002417a 4500 | ||
|---|---|---|---|
| 003 | KOHA_MİRAKIL | ||
| 005 | 20260413122954.0 | ||
| 008 | 260413b tu ||||| |||| 00| 0 tur d | ||
| 020 | _a9758112244 | ||
| 040 |
_aTR-AnABB _btur _cTR-AnABB |
||
| 041 | _atur | ||
| 082 |
_a362.509561 _bAKD 2000 |
||
| 100 | 1 | _aAkder, Halis | |
| 245 | 1 | 0 |
_aYoksulluk / _cHalis Akder, Murat Güvenç |
| 246 | _aBölgesel gelişme ve kırsal yoksulluk | ||
| 246 | _aKent yoksulluğu | ||
| 260 |
_aİstanbul : _bTESEV, _c2000 |
||
| 300 |
_a183 sayfa ; _c23 cm |
||
| 490 | 0 |
_aTESEV yayınları, _v21 |
|
| 650 | 0 | 4 | _aYoksulluk |
| 650 | 0 | 4 | _aYoksulluk, Türkiye |
| 942 |
_2ddc _cBK |
||
| 999 |
_c10199 _d10199 |
||
| 900 | _bCan ÇELIK | ||